00374nam a22001217a 450000500170000002000230001703500530004003700130009310000180010624500550012426000510017930000220023020181126155149.0 a813130065Xc595.00 aB-216441, B-216434, B-216440, B-216451, B-216453 aDPLbENG aBansal, S. K. aJournalism and electronic media /cby S. K. Bansal aNew DelhibA.P.H. Publishing Corporationc2007 av, 256p.c20 cms.